Statistics for Game of Thrones Ultimate Name Game

Click here to take the quiz!

General Stats

  • This quiz has been taken 3,732 times
  • The average score is 80 of 176

Answer Stats

HintAnswer% Correct
StarkEddard
99%
StarkSansa
99%
StarkArya
98%
StarkBran
98%
UmberJon
98%
StarkRobb
98%
StarkCatelyn
97%
Arryn | Connington | Fossoway | SnowJon
97%
LannisterCersei
96%
StarkRickon
95%
LannisterTyrion
95%
LannisterTywin
95%
Arryn | BaratheonRobert
94%
TargaryenDaenerys
91%
TarlySamwell
91%
LannisterJaime
90%
BaratheonJoffrey
89%
BaratheonStannis
89%
GreyjoyTheon
89%
TargaryenViserys
89%
TarthBrienne
87%
Second SonsBrown Ben Plumm
86%
BaratheonRenly
86%
FreyWalder
86%
MormontJorah
85%
BaratheonTommen
85%
StarkBenjen
84%
CleganeSandor
84%
TyrellLoras
83%
MartellOberyn
83%
CleganeGregor
82%
StarkLyanna
81%
BaratheonMyrcella
81%
SnowRamsay
80%
BoltonRoose
80%
TyrellMargaery
79%
RedwyneOlenna
78%
Master of WhispersLord Varys
77%
TargaryenAemon
76%
Frey | TargaryenRhaegar
76%
LannisterLancel
75%
Frey | TargaryenAegon
74%
WildlingYgritte
73%
TargaryenAerys
69%
GreyjoyBalon
68%
ReedJojen
68%
TullyEdmure
66%
GreyjoyEuron
66%
DothrakiKhal Drogo
66%
MormontJeor
65%
TyrellMace
65%
StarkBrandon
64%
LannisterKevan
64%
TullyLysa
62%
GreyjoyAsha
61%
Karstark | StarkRickard
61%
ReedMeera
60%
PaynePodrick
60%
WildlingTormund
60%
DondarrionBeric
59%
FreyPetyr
59%
PayneIlyn
58%
SandEllaria
57%
MartellDoran
56%
Master of CoinPetyr Baelish
54%
Martell | SandElia
52%
MaesterPycelle
52%
WatersGendry
51%
TullyHoster
50%
MaesterLuwin
49%
KarstarkEddard
48%
BaratheonShireen
48%
NightswatchPyp
47%
Rivers | TullyBrynden
46%
NightswatchGrenn
46%
TarlyDickon
45%
LannisterJoanna
45%
SandObara
45%
FreyWalda
45%
StormcrowsDaario Naharis
43%
SandNymeria
43%
ReedHowland
37%
MartellTrystane
37%
MartellArianne
36%
WesterlingJeyne
36%
TarlyRandyll
36%
WildlingMance Rayder
35%
FlorentSelyse
35%
GreyjoyVictarion
34%
SandTyene
32%
NightswatchAlliser
31%
TyrellWillas
31%
OakheartArys
30%
GreyjoyAeron
28%
WildlingOsha
27%
MartellQuentyn
27%
StormEdric
26%
SandDorea
23%
KettleblackOsmund
23%
ManderlyWyman
23%
DothrakiIrri
22%
FreyRoslin
21%
TyrellGarlan
19%
LannisterMartyn
19%
KarstarkAlys
18%
MormontMaege
18%
TarthSelwyn
17%
LannisterWillem
17%
MaesterCressen
15%
LannisterGenna
14%
KettleblackOsney
14%
NightswatchQhorin
14%
SandSarella
14%
BaratheonSteffon
14%
FlorentAxell
13%
NightswatchJanos Slynt
13%
NightwatchYoren
13%
NightswatchDolorous Edd
12%
DothrakiDoreah
12%
GloverRobett
12%
MeereenHizdahr zo Loraq
11%
DothrakiJhiqui
11%
KettleblackOsfryd
11%
RedwynePaxter
11%
GloverGalbart
10%
UmberMors
10%
FreyCleos
9%
BoltonDomeric
9%
NightswatchDonal
9%
LannisterGerion
9%
SandLoreza
9%
SandObella
9%
MerryweatherTaena
9%
KarstarkTorrhen
9%
ManderlyWylis
9%
FlorentAlester
8%
RedwyneHobber
8%
RedwyneHoras
8%
UmberHother
8%
DothrakiJhogo
8%
WildlingVaramyr
8%
ManderlyWendel
8%
FreyEmmon
7%
TyrellGarth
7%
MerryweatherOrton
7%
ConningtonRonnet
7%
LannisterStafford
7%
KarstarkArnolf
6%
TyrellLeo
6%
MormontAlysane
5%
MarbrandDamon
5%
FreyEdwyn
5%
KarstarkHarold
5%
DothrakiJhaqo
5%
MeereenReznak mo Reznak
5%
FreyTion
5%
WesterlingGawen
4%
WildlingMagnar of Thenn
4%
StormRonald
4%
FreyJared
3%
Second SonsKasporio
3%
TyrellMoryn
3%
MeereenSpotted Cat
3%
FreySymond
3%

Score Distribution

Percentile by Number Answered

Percent of People with Each Score

Your Score History

You have not taken this quiz